Solutio als causa. Die Frage des Abstraktionsprinzips im römischen Recht.

Das dem Burgerlichen Gesetzbuch zugrunde liegende Abstraktionsprinzip wird gemeinhin auf eine Fehlinterpretation der romischen Rechtsquellen durch F. C. von Savigny zuruckgefuhrt. In Wirklichkeit - so die herrschende Meinung - habe im klassischen romischen Recht das Eigentum an einer Sache nur ubert...

Celý popis

Uloženo v:
Podrobná bibliografie
Hlavní autor: Laborenz, Martin (verfasser)
Médium: Kniha
Jazyk:angličtina
Vydáno: Köln, Deutschland: Böhlau, 2014.
Edice:Forschungen zum römischen Recht, 57.
Témata:
Tagy: Přidat tag
Žádné tagy, Buďte první, kdo vytvoří štítek k tomuto záznamu!

MARC

LEADER 00000nam a22000007a 4500
003 CL-VaPUC
005 20220822114427.0
008 220308t2014 ||||| |||| 00| 0 eng d
999 |c 434753  |d 434751 
020 |a 978-3-412-22235-2 
040 |c Pontificia Universidad Católica de Valparaíso 
082 0 4 |2 22  |a 340.54 LAB 2014 
100 1 |a Laborenz, Martin  |e verfasser  |9 870024 
245 1 0 |a Solutio als causa.   |b Die Frage des Abstraktionsprinzips im römischen Recht.  
260 |a Köln, Deutschland:   |b Böhlau,   |c 2014. 
300 |a 337 páginas.  
490 0 |a Forschungen zum römischen Recht,   |v  57. 
500 |a c.1 Donación Familia Prof. Alejandro Guzmán Brito. 
520 |a Das dem Burgerlichen Gesetzbuch zugrunde liegende Abstraktionsprinzip wird gemeinhin auf eine Fehlinterpretation der romischen Rechtsquellen durch F. C. von Savigny zuruckgefuhrt. In Wirklichkeit - so die herrschende Meinung - habe im klassischen romischen Recht das Eigentum an einer Sache nur ubertragen werden konnen, wenn der Ubergabe ein wirksames Kausalgeschaft (z.B. Kauf oder Schenkung) vorangegangen sei. Am Beispiel der 'causa solvendi' unterzieht der Autor diese These einer kritischen Untersuchung und gelangt zu einer Konzeption der 'iusta causa traditionis', welche ein Festhalten am Kausalprinzip allenfalls auf einer deskriptiven Ebene erlaubt. 
583 |c 20220308  |k Yessy Stephany Diaz Vidal 
650 1 |a Adquisición de la propiedad  |x Derecho romano  |9 870025 
650 1 |a Principio de abstracción  |x Derecho romano  |9 870026 
650 1 |a Derecho de propiedad  |x Derecho privado  |9 870027 
942 |2 ddc  |c BK  |n 0 
952 |0 0  |1 0  |2 ddc  |4 0  |6 340_540000000000000_LAB_2014  |7 1  |8 C_AGB  |9 581753  |a BIBDER  |b BIBDER  |d 2022-03-08  |e Donación   |i 564996K  |o 340.54 LAB 2014  |p 564996K  |r 2023-01-25  |t 1  |w 2022-03-08  |y BK_US  |k AGB